000 00298nam a22001337a 4500
008 211012b ||||| |||| 00| 0 eng d
041 _aeng
080 _a159.9
082 _a159.9
100 _a48
101 _aPSI
245 _aSkill Streaming the Adolescent
_cGoldstein,A.P
942 _2udc
_cBK
999 _c58163
_d58163